| 000 | 00566cam a2200217 a 4500 | ||
|---|---|---|---|
| 001 | 3352375 | ||
| 005 | 20180127053529.0 | ||
| 008 | 861007s1987 mdua b 001 0 eng | ||
| 010 | _a 86026716 | ||
| 020 | _a0683076132 (pbk.) | ||
| 040 |
_aDLC _cDLC _dDLC |
||
| 041 | _aeng | ||
| 080 | _a610.73 | ||
| 082 | 0 | 0 |
_a610.73 SCH _219 |
| 100 | 1 | _a4 | |
| 101 | _aSHM | ||
| 245 | 1 | 4 |
_aThe physician as teacher / _cThomas L. Schwenk, Neal A. Whitman. |
| 504 | _aBibliography: p. 189-196. | ||
| 906 |
_a7 _bcbc _corignew _d1 _eocip _f19 _gy-gencatlg |
||
| 942 |
_2ddc _cBK |
||
| 999 |
_c41090 _d41090 |
||